000
00288nam a2200133Ia 4500
003
OSt
008
191201s2011 xx 000 0 und d
100
_a
BHANSALI, Jyoti
245
0
_a
Macbeth
260
_b
Kalyani Media
_c
2011
300
_a
76
650
_a
General Books
942
_2
ddc
_c
BK
999
_c
6765
_d
6765